000 00459 a2200157 4500
020 _a8176357049
082 _a650.02855
090 _c7331
_d7331
100 _aAnderson, George W.
245 _aSAP Planning
_bBest practices in implementation
_cAnderson, George W.
260 _aNew Delhi (India)
_bTechmedia
_c2003
300 _axvii, 695 p. ;
_bill. ;
_c25 cm.
500 _aIncludes index
650 _a1. Client/server computing
942 _cBK
_k650.02855 AND
999 _c11134
_d11134